000 00538nam a2200217 a 4500
999 _c4102
_d4102
001 4102
003 BD-JhCC
005 20180402194133.0
008 171122s1963 enka|||| ||a| 00| 0 eng d
035 _a(BD-JhCC)4102
040 _aBD-JhCC
_dBD-JhCC
041 _aeng
082 _a823.914
_bLEN 1963
100 _aLenski, Lois
245 _aThe Little Aeroplane /
_cLois Lenski
260 _aLondon :
_bOxford University Press,
_c1963.
300 _a46 p. :
_c18 cm.
650 _aEnglish Stories
942 _2ddc
_cBK